000 00460nam a22001577a 4500
003 macl
005 20231105154437.0
008 231105b |||||||| |||| 00| 0 eng d
040 _cmacl
082 _a350
100 _aएम. ,लक्ष्‍मीकांत
_982023
245 _aलोक प्रकाशन
260 _aदिल्‍ली
_bMC GRAW HILL
_c2023
650 _aलाेेक प्रकाशन
_982017
942 _2ddc
_cHIN
999 _c66329
_d66329